000 00429nam a2200157 i 4500
001 57276
003 ES-MaACL
005 20230906163539.0
007 t|
008 031015s1932 sp ||||1| spa d
100 1 _aDomenech, Jaime.
_945076
245 1 3 _aLas formas del ideal artístico /
_cJaime Domenech.
260 _aMadrid :
_bJ. M. Yagües,
_c1932 (
_fGalo Saez)
300 _a228 p. ;
_c18 cm.
852 _aES-MaACL
_jA-1148
999 _c57276
_d57276